Crystal Palace F.C. Transfer Record - Statistics

General Stats
  • This quiz has been taken 490 times
    67 since last reset
  • The average score is 13 of 24
Answer Stats
Fee Signed From Player % Correct
£16M Queens Park Rangers Eberechi Eze
89%
£27M Liverpool Christian Benteke
85%
£12.5M Mainz 05 Jean-Philippe Mateta
85%
Chelsea Marc Guéhi
72%
£20M Manchester United Dean Henderson
70%
Villarreal Yeremy Pino
70%
£18M Blackburn Rovers Adam Wharton
66%
£10M Bayern Munich Chris Richards
66%
Marseille Ismaïla Sarr
66%
£25.5M Arsenal Eddie Nketiah
60%
VfL Wolfsburg Maxence Lacroix
60%
Celtic Odsoone Édouard
60%
£21.5M Flamengo Matheus França
57%
Milwall Romain Esse
49%
£21M Lens Cheick Doucouré
45%
£14M Real Betis Chadi Riad
40%
£17.5M Toulouse Jaydee Canvot
40%
£10M Paris Saint-Germain Yohan Cabaye
40%
£17M Lyon Joachim Andersen
38%
£26M Liverpool Mamadou Sakho
38%
£12M Leicester City Jeffrey Schlupp
36%
£13M Newcastle United Andros Townsend
23%
West Ham United James Tomkins
21%
Sunderland Patrick van Aanholt
19%
No matching quizzes found
Score Distribution
Percent of People with Each Score
Percentile by Number Answered
Your Score History
You have not taken this quiz since the last reset